000 01631cam a2200433 i 4500
003 EG-GICUC
005 20260301095923.0
008 030911s2004 enk frb 001 0 eng d
020 _a0521823110
_qhbk.
020 _a0521530032
_qpbk.
020 _a9780521823111
_q(hbk.)
020 _a9780521530033
_q(pbk.)
040 _aDLC
_cDLC
_dDLC
_dEG-GICUC
_beng
_erda
050 0 0 _aK4610.5
_b.P35 2004
082 0 0 _a347.22
_221
092 0 4 _221
099 _aLaw 12 2004
100 1 _aPalmeter, N. David.
245 1 0 _aDispute settlement in the World Trade Organization :
_bpractice and procedure /
_cDavid Palmeter and Petros C. Mavroidis.
250 _a2nd edition.
264 _aCambridge, UK ;
_aNew York :
_bCambridge University Press,
_c2004.
300 _axviii, 330 pages ;
_c24 cm.
336 _atext
_2rdacontent
337 _aComputer
_2rdamedia
338 _aOnline Resource
_2rdacarrier
504 _aIncludes bibliographical references (p. 310-315) and index.
610 2 0 _aWorld Trade Organization.
650 0 _aArbitration (International law)
650 0 _aTariff
_xLaw and legislation.
650 0 _aForeign trade regulation.
651 1 _2
700 1 _aMavroidis, Petros C.
856 4 2 _uhttps://fll.law.cu.edu.eg/fulltext/bks/ENGB12-00040.pdf
856 4 2 _3Publisher description
_uhttp://www.loc.gov/catdir/description/cam041/2003049548.html
856 4 1 _3Table of contents
_uhttp://www.loc.gov/catdir/toc/cam041/2003049548.html
856 4 2 _3Contributor biographical information
_uhttp://www.loc.gov/catdir/enhancements/fy0732/2003049548-b.html
905 _a10
942 _2ddc
_cBK
_e21
_n0
999 _c64472
_d64472